Organizovaný zločin v Rusku a jeho dopad na sociálno-ekonomickú sféru spoločnosti

Organizovaný zločin je možné považovať za sociálny fenomén a môže byť definovaný aj ako systém spoločenských vzťahov, vyznačujúci sa nelegálnymi aktivitami. Cieľom aktivít je dosiahnuť zisk. Rozpad Sovietskeho zväzu, občianska vojna v Tadžikistane a Afganistane, rovnako ako konflikty na Severnom Kau...

Descripción completa

Guardado en:
Detalles Bibliográficos
Autor principal: Borošová, Lucia
Formato: Capítulo de libro
Lenguaje:eslovaco
Materias:
Etiquetas: Agregar Etiqueta
Sin Etiquetas, Sea el primero en etiquetar este registro!

MARC

LEADER 00000naa a2200000 4500
001 0200384
005 20240502073404.8
041 0 |a slo 
044 |a SK 
245 1 0 |a Organizovaný zločin v Rusku a jeho dopad na sociálno-ekonomickú sféru spoločnosti  |c Lucia Borošová 
520 |a Organizovaný zločin je možné považovať za sociálny fenomén a môže byť definovaný aj ako systém spoločenských vzťahov, vyznačujúci sa nelegálnymi aktivitami. Cieľom aktivít je dosiahnuť zisk. Rozpad Sovietskeho zväzu, občianska vojna v Tadžikistane a Afganistane, rovnako ako konflikty na Severnom Kaukaze vytvorili živnú pôdu pre rozmach nelegálneho obchodovania s drogami. Drogová problematika predstavuje v súčasnosti skutočnú hrozbu, a to nielen pre sociálnu a ekonomickú oblasť štátu. Šírenie drog, ich transport zo zahraničia do Ruskej federácie, rovnako ako obchod s drogami sa stal jedným z hlavných problémov, ktoré ohrozujú nielen vnútornú, ale aj vonkajšiu bezpečnosť Ruska. Dôsledky organizovaného zločinu v Rusku ohrozujú predovšetkým sociálnu a ekonomickú oblasť. Negatívne účinky organizovaného zločinu tak oslabujú úlohu štátu v sociálno-politických procesoch. 
610 2 0 |a zločin organizovaný 
610 2 0 |a procesy sociálno-ekonomické 
610 2 0 |a Rusko 
610 2 0 |a situácia sociálna 
610 2 0 |a vzťahy spoločenské 
100 1 |a Borošová, Lucia